Nedostatky na trhu rizikového kapitálu v oblasti financovania MSP v podmienkach EÚ a SR
Poukázanie na všeobecné príčiny zlyhania trhu rizikového kapitálu pri financovaní začiatočných vývojových fáz podniku, uvedenie prekážok rozvoja trhov rizikového kapitálu v EÚ a možnosti jeho podpory v SR.
Na minha lista:
| Autor principal: | |
|---|---|
| Formato: | Capítulo de Livro |
| Idioma: | eslovaco |
| Assuntos: | |
| Tags: |
Sem tags, seja o primeiro a adicionar uma tag!
|
MARC
| LEADER | 00000naa$a2200000$$$4500 | ||
|---|---|---|---|
| 001 | 0084325 | ||
| 005 | 20240502071942.0 | ||
| 041 | 0 | |a slo | |
| 044 | |a SK | ||
| 245 | 1 | 0 | |a Nedostatky na trhu rizikového kapitálu v oblasti financovania MSP v podmienkach EÚ a SR |c Magdaléna Freňáková - Karchová |
| 520 | |a Poukázanie na všeobecné príčiny zlyhania trhu rizikového kapitálu pri financovaní začiatočných vývojových fáz podniku, uvedenie prekážok rozvoja trhov rizikového kapitálu v EÚ a možnosti jeho podpory v SR. | ||
| 610 | 2 | 0 | |a kapitál rizikový |
| 610 | 2 | 0 | |a podnik malý |
| 610 | 2 | 0 | |a podnik stredný |
| 610 | 2 | 0 | |a vývoj podniku |
| 100 | 1 | |a Freňáková - Karchová, Magdaléna, 1981- | |